The argumentative Indian: (Record no. 25220)

MARC details
000 -LEADER
fixed length control field 01125 a2200253 4500
005 - DATE AND TIME OF LATEST TRANSACTION
control field 20090314112010.0
008 - FIXED-LENGTH DATA ELEMENTS--GENERAL INFORMATION
fixed length control field 090314t xxu||||| |||| 00| 0 eng d
010 ## - LCCN (DPL NO)
LC control number B-280416-417
020 ## - INTERNATIONAL STANDARD BOOK NUMBER
Terms of availability 295.00
International Standard Book Number 0144000474
020 ## - INTERNATIONAL STANDARD BOOK NUMBER
Terms of availability 295.00
International Standard Book Number 9780144000470
035 ## - SYSTEM CONTROL NUMBER
System control number B-280416-417
037 ## - SOURCE OF ACQUISITION
Source of stock number/acquisition UBH
040 ## - CATALOGING SOURCE
Original cataloging agency DPL
Language of cataloging English
082 ## - DEWEY DECIMAL CLASSIFICATION NUMBER
Classification number 954
100 ## - MAIN ENTRY--PERSONAL NAME
Personal name Sen, Amartya
245 ## - TITLE STATEMENT
Title The argumentative Indian:
Statement of responsibility, etc by Amartya Sen
Remainder of title writings on Indian history, culture and identity/
260 ## - PUBLICATION, DISTRIBUTION, ETC. (IMPRINT)
Place of publication, distribution, etc London
Name of publisher, distributor, etc Penguin Books
Date of publication, distribution, etc 2005
270 ## - ADDRESS
City London
State or province England
Address 80 Strand,
Postal code WC2R ORL
300 ## - PHYSICAL DESCRIPTION
Extent xx, 409p
Dimensions 22cm(pbk)
942 ## - ADDED ENTRY ELEMENTS (KOHA)
Institution code [OBSOLETE] dpl
Item type English Books
Source of classification or shelving scheme Dewey Decimal Classification
Classification part 954
Call number suffix SEN
Holdings
Withdrawn status Lost status Source of classification or shelving scheme Damaged status Not for loan Collection code Home library Current library Date acquired Source of acquisition Cost, normal purchase price Total Checkouts Total Renewals Full call number Barcode Checked out Date last seen Copy number Cost, replacement price Koha item type
    Dewey Decimal Classification     Non-fiction Central Library Central Library 14/03/2009 UBH/078/23.6.08/124/30.10.07/11.7.08 295.00 9 2 954 SEN B-280416 09/01/2019 26/12/2018 1 295.00 English Books
    Dewey Decimal Classification     Non-fiction Sarojini Nagar Sarojini Nagar 14/03/2009 UBH/078/23.6.08/124/30.10.07/11.7.08 295.00     954 SEN B-280417   14/03/2009 1 295.00 English Books

© Delhi Public Library
Hit Counter
free hit counter